|
|
|
|
| LEADER |
00000nam0a2200000 4500 |
| 001 |
310300 |
| 005 |
20231102002255.0 |
| 020 |
|
|
|a RU
|b 82-6837
|
| 035 |
|
|
|a (RuTPU)RU\TPU\book\335649
|
| 090 |
|
|
|a 310300
|
| 100 |
|
|
|a 20151124d1982 km y0rusy5003 ca
|
| 101 |
0 |
|
|a rus
|
| 102 |
|
|
|a RU
|
| 105 |
|
|
|a y z 001zy
|
| 200 |
1 |
|
|a Партийно-политическая работа в деревне в условиях НЭПа
|f А. Е. Павлова
|
| 210 |
|
|
|a Москва
|c Изд-во МГУ
|d 1982
|
| 215 |
|
|
|a 136 с.
|
| 320 |
|
|
|a Библиография в ссылках.
|
| 606 |
1 |
|
|a КПСС
|x История
|z 1921-1925 г. г.
|2 stltpush
|3 (RuTPU)RU\TPU\subj\73069
|9 86296
|
| 610 |
1 |
|
|a новая экономическая политика
|
| 610 |
1 |
|
|a партийные организации
|
| 610 |
1 |
|
|a партийно-политическая работа
|
| 610 |
1 |
|
|a Коммунистическая партия
|
| 610 |
1 |
|
|a деревня
|
| 610 |
1 |
|
|a восстановление
|
| 610 |
1 |
|
|a партийное руководство
|
| 610 |
1 |
|
|a кадры
|
| 610 |
1 |
|
|a шефство
|
| 610 |
1 |
|
|a рабочий класс
|
| 686 |
|
|
|a Ф61(2)271.3
|2 rubbk
|
| 700 |
|
1 |
|a Павлова
|b А. Е.
|g Александра Евменовна
|4 070
|
| 801 |
|
0 |
|a RU
|b RuMRKP
|c 19950704
|g psbo
|
| 801 |
|
1 |
|a RU
|b 63413507
|c 20151124
|
| 801 |
|
2 |
|a RU
|b 63413507
|c 20190923
|g RCR
|
| 942 |
|
|
|c BK
|